Speech, in the House of Representatives of the Congress of the United States, delivered January 14, 1794 : by James Madison, of Virginia, in support of his propositions for the promotion of the commerce of the United States, and in reply to William Smith, of South-Carolina.

Bibliographic Details
Main Author: Madison, James, 1751-1836
Corporate Authors: Gale (Firm), United States. Congress House (Author)
Other Authors: Greenleaf, Thomas, 1755-1798 (Printer)
Format: eBook
Language:English
Subjects:
Online Access:Connect to the full text of this electronic book

MARC

Tag First Indicator Second Indicator Subfields
LEADER 00000cam a2200000 4500
001 in00003875889
005 20190415193057.0
006 m o d
007 cr |n||||||||n
008 820629s1794 xxu|||| o 00| | eng c
035 |a (CU-RivES)W3535 
035 |a (Uk-ES)006445050 
035 |a (OCoLC)510886248 
040 |a MWA  |c MWA  |d CU-RivES  |d CStRLIN  |d Cengage Gale  |d UtOrBLW 
050 4 |a Z1215  |b .M335 1794 
100 1 |a Madison, James,  |d 1751-1836.  |0 http://id.loc.gov/authorities/names/n80067022 
245 1 0 |a Speech, in the House of Representatives of the Congress of the United States, delivered January 14, 1794 :  |b by James Madison, of Virginia, in support of his propositions for the promotion of the commerce of the United States, and in reply to William Smith, of South-Carolina. 
264 3 |a New-York :  |b --Printed at Greenleaf's press,  |c --1794-- 
300 |a 1 online resource (69, 3 unnumbered pages)  
336 |a text  |b txt  |2 rdacontent 
337 |a computer  |b c  |2 rdamedia 
338 |a online resource  |b cr  |2 rdacarrier 
500 |a Caption title: Speech of Mr. Madison, in Congress, January 14, 1794. 
509 |a Signatures: [A]⁴ B-I⁴ (I3 verso, I4 blank) 
510 4 |a Evans,  |c 27258 
510 4 |a English Short Title Catalog,  |c W3535. 
500 |a Reproduction of original from Boston Public Library. 
500 |a Electronic resource. 
600 1 0 |a Smith, William Loughton,  |d 1758-1812.  |0 http://id.loc.gov/authorities/names/n86853482 
650 0 |a Protectionism.  |0 http://id.loc.gov/authorities/subjects/sh85051683 
651 0 |a United States  |x Commerce  |z Great Britain.  |0 http://id.loc.gov/authorities/subjects/sh2007100411 
655 7 |a Electronic books.  |2 local 
700 1 |a Greenleaf, Thomas,  |d 1755-1798,  |e printer.  |0 http://id.loc.gov/authorities/names/n88144030 
710 2 |a Gale (Firm)  |0 http://id.loc.gov/authorities/names/no2008071348 
710 1 |a United States.  |b Congress  |n (3rd, 1st session :  |d 1793-1794)  |b House,  |e author.  |0 http://id.loc.gov/authorities/names/no2012077125 
710 1 |a United States.  |b Congress  |n (3rd, 1st session :  |d 1793-1794)  |b House.  |0 http://id.loc.gov/authorities/names/no2012077125 
740 0 |a Speech of Mr. Madison, in Congress, January 14, 1794. 
752 |a United States  |b New York  |d New York. 
856 4 0 |u http://proxy.library.tamu.edu/login?url=http://find.galegroup.com/ecco/infomark.do?contentSet=ECCOArticles&docType=ECCOArticles&bookId=1447200600&type=getFullCitation&tabID=T001&prodId=ECCO&docLevel=TEXT_GRAPHICS&version=1.0&source=library&userGroupName=txshracd2898  |z Connect to the full text of this electronic book  |t 0 
999 f f |s 6420b06b-3f5f-37d1-981a-4d2e4cb871fe  |i 98327205-ae08-3886-aa69-41627d7728f1  |t 0 
952 f f |a Texas A&M University  |b College Station  |c Electronic Resources  |d Available Online  |t 0  |e Z1215 .M335 1794  |h Library of Congress classification 
998 f f |a Z1215 .M335 1794  |t 0  |l Available Online